Tensile and tear behaviour of anisotropic double networks of a black-filled natural rubber vulcanizate (Record no. 70377)

MARC details
000 -LEADER
fixed length control field 00432nam a2200133Ia 4500
100 ## - MAIN ENTRY--AUTHOR NAME
Personal name Hamed G R
245 #0 - TITLE STATEMENT
Title Tensile and tear behaviour of anisotropic double networks of a black-filled natural rubber vulcanizate
260 ## - PUBLICATION, DISTRIBUTION, ETC. (IMPRINT)
Name of publisher Rubber Chemistry and Technology
Year of publication 1998
300 ## - PHYSICAL DESCRIPTION
Number of Pages 846-860
650 ## - SUBJECT ADDED ENTRY--TOPICAL TERM
Topical Term Black filled natural rubber vulcanizate
700 ## - ADDED ENTRY--PERSONAL NAME
Personal name Huang H Y
942 ## - ADDED ENTRY ELEMENTS (KOHA)
Koha item type Journals
Holdings
Withdrawn status Lost status Damaged status Not for loan Home library Current library Shelving location Date acquired Serial Enumeration / chronology Koha item type
      Journals RRII Library RRII Library Rubber chemistry 15/06/1999 Volume 71, Issue 5 Journals